| 000 | 00522nam a2200157Ia 4500 | ||
|---|---|---|---|
| 008 | 170221s9999 xx 000 0 und d | ||
| 100 | _aMegan L. Parin | ||
| 245 | _aEfficacy of Environmental Health E-Training for Journalists | ||
| 245 | _cMegan L. Parin, Elissa Yancey, Caroline Beidler, Erin N. Haynes | ||
| 260 | _bStudies in Media and Communication | ||
| 260 | _c2014 | ||
| 300 | _a34 : 18 | ||
| 650 | _xCommunication | ||
| 650 | _xMedia Arts | ||
| 856 | _uhttp://redfame.com/journal/index.php/smc/issue/view/13 | ||
| 999 |
_c310961 _d310961 |
||